KOHA-Header-6

When life begins (Record no. 2395)

000 -LEADER
fixed length control field 00369nam a2200157Ia 4500
003 - CONTROL NUMBER IDENTIFIER
control field OSt
005 - DATE AND TIME OF LATEST TRANSACTION
control field 20200109154146.0
008 - FIXED-LENGTH DATA ELEMENTS--GENERAL INFORMATION
fixed length control field 190802s9999 xx 000 0 und d
020 ## - INTERNATIONAL STANDARD BOOK NUMBER
International Standard Book Number 978-9699807022
040 ## - CATALOGING SOURCE
Language of cataloging English
Transcribing agency MAJU
100 ## - MAIN ENTRY--PERSONAL NAME
Personal name Abu Yahya
245 #0 - TITLE STATEMENT
Title When life begins
260 ## - PUBLICATION, DISTRIBUTION, ETC. (IMPRINT)
Place of publication, distribution, etc Pakistan
Name of publisher, distributor, etc Inzaar Publications
Date of publication, distribution, etc 2011
300 ## - PHYSICAL DESCRIPTION
Extent 256:p
942 ## - ADDED ENTRY ELEMENTS (KOHA)
Koha item type Books
Source of classification or shelving scheme
Holdings
Withdrawn status Lost status Source of classification or shelving scheme Damaged status Not for loan Collection code Permanent Location Current Location Shelving location Date acquired Total Checkouts Total Renewals Full call number Barcode Date last seen Date checked out Price effective from Koha item type
          English Literature MAJU MAJU Shelf No.A13 2019-12-28 3 1 612.6 9018 2023-04-17 2023-04-10 2019-08-03 English Literature

Powered by Koha